Aktualizácia k zákonom I/2004 zákon o správe daní a poplatkov

Salvato in:
Dettagli Bibliografici
Natura: Libro
Lingua:slovacco
Pubblicazione: Žilina Poradca 2004
Serie:Aktualizácia I/5
Tags: Aggiungi Tag
Nessun Tag, puoi essere il primo ad aggiungerne!!

MARC

LEADER 00000nam$a2200000$$$4500
001 0019221
005 20250619123331.4
022 |a 1335-6127 
041 0 |a slo 
245 1 0 |a Aktualizácia k zákonom I/2004  |b zákon o správe daní a poplatkov 
264 1 |a Žilina  |b Poradca  |c 2004 
300 |a 88 s. 
490 1 |a Aktualizácia  |v I/5 
830 0 |a Aktualizácia  |v I/5